The roles of the family and the welfare state: the relationship between public and private financial support in sweden /

সংরক্ষণ করুন:
গ্রন্থ-পঞ্জীর বিবরন
প্রধান লেখক: Björnberg, Ulla
অন্যান্য লেখক: Latta, Mia
বিন্যাস: পাঠ‍্য
বিষয়গুলি:
ট্যাগগুলো: ট্যাগ যুক্ত করুন
কোনো ট্যাগ নেই, প্রথমজন হিসাবে ট্যাগ করুন!

MARC

LEADER 00000 a a2200000 04500
001 4766
003
040
100 |a Björnberg, Ulla  
245 |a The roles of the family and the welfare state:   |b the relationship between public and private financial support in sweden /  |c Ulla Björnberg ; Mia Latta 
650 |a FAMILIA  
650 |a BENEFICIOS  
650 |a SOCIEDAD  
650 |a ESTADO  
700 |a Latta, Mia  
773 |g volumen 55, número 3; páginas 415-445  
999 |c 30303  |d 30303